[Event "Dortmund NRW Cup U20 Girls"]
[Site "Dortmund"]
[Date "2021.07.17"]
[Round "8"]
[White "Becker, Linda"]
[Black "Rudolph, Eva"]
[Result "0-1"]
[WhiteElo "1793"]
[BlackElo "1818"]
[PlyCount "80"]
[EventDate "2021.07.13"]
[EventType "tourn"]
[EventRounds "9"]
[EventCountry "GER"]
[SourceTitle "CBM 203 Extra"]
[Source "ChessBase"]
[SourceDate "2021.09.30"]
[SourceVersion "1"]
[SourceVersionDate "2021.09.30"]
[SourceQuality "1"]

1. e4 e5 2. Nf3 Nc6 3. d4 exd4 4. Nxd4 Qf6 5. Be3 Bc5 6. c3 Nge7 7. Nf5 Bxe3 8. Nxe3 b6 9. Be2 Bb7 10. 0-0 0-0-0 11. Nd2 Kb8 12. Qc2 Rhe8 13. b4 d5 14. exd5 Nxd5 15. Nxd5 Rxd5 16. Bf3 Rd7 17. a4 Ne5 18. Bxb7 Kxb7 19. a5 Qg6 20. Qxg6 Nxg6 21. Nf3 Rd3 22. axb6 axb6 23. c4 Re4 24. Rfc1 Nf4 25. Re1 Rxe1+ 26. Rxe1 Rc3 27. Rb1 f6 28. c5 bxc5 29. bxc5+ Kc6 30. Nd4+ Kxc5 31. Nb5 Rd3 32. Nxc7 Rd7 33. Na6+ Kc4 34. g3 Nd3 35. Rb6 Re7 36. Rd6 Re1+ 37. Kg2 Re2 38. Rd7 Rxf2+ 39. Kg1 Ra2 40. Rxd3 Ra1+ 0-1

[Event "GER-chT U20 Girls"]
[Site "Willingen"]
[Date "2021.06.27"]
[Round "7.4"]
[White "Rudolph, Eva"]
[Black "Rempe, Mieke"]
[Result "1/2-1/2"]
[WhiteElo "1860"]
[BlackElo "1669"]
[PlyCount "65"]
[EventDate "2021.06.23"]
[EventType "team-swiss"]
[EventRounds "7"]
[EventCountry "GER"]
[SourceTitle "CBM 203 Extra"]
[Source "ChessBase"]
[SourceDate "2021.09.30"]
[SourceVersion "1"]
[SourceVersionDate "2021.09.30"]
[SourceQuality "1"]
[WhiteTeam "Nordhorn Blanke"]
[BlackTeam "Kiel Doppelbauer"]
[WhiteTeamCountry "GER"]
[BlackTeamCountry "GER"]

1. e4 c6 2. d4 d5 3. e5 Bf5 4. h4 h6 5. Bd3 Bxd3 6. Qxd3 e6 7. Be3 Qc7 8. Nf3 Nd7 9. Nbd2 Bb4 10. c3 Ba5 11. a4 Bb6 12. b4 a5 13. Nb3 axb4 14. cxb4 Ne7 15. 0-0 Nf5 16. Rfc1 Qd8 17. h5 0-0 18. Bf4 f6 19. Re1 fxe5 20. Bxe5 Nh4 21. Nbd2 Nxe5 22. Rxe5 Qf6 23. Rae1 Rae8 24. R5e2 Bc7 25. b5 cxb5 26. Qxb5 Qf4 27. Qxb7 Nxg2 28. Kxg2 Qg4+ 29. Kf1 Qh3+ 30. Kg1 Qg4+ 31. Kf1 Qh3+ 32. Kg1 Qg4+ 33. Kf1 1/2-1/2

[Event "GER-chT Christmas U20 Girls"]
[Site "Playchess.com INT"]
[Date "2020.12.29"]
[Round "4.2"]
[White "Ricken, Katharina"]
[Black "Rudolph, Eva"]
[Result "1-0"]
[WhiteElo "2030"]
[BlackElo "1860"]
[PlyCount "89"]
[EventDate "2020.12.29"]
[EventType "team-swiss (blitz)"]
[EventRounds "7"]
[EventCountry "GER"]
[SourceTitle "CBM 200 Extra"]
[Source "ChessBase"]
[SourceDate "2021.03.31"]
[SourceVersion "1"]
[SourceVersionDate "2021.03.31"]
[SourceQuality "1"]
[WhiteTeam "Hemer"]
[BlackTeam "Duesseldorf"]
[WhiteTeamCountry "GER"]
[BlackTeamCountry "GER"]

1. Nf3 d5 2. g3 Nf6 3. Bg2 e6 4. d4 c5 5. c4 Nc6 6. 0-0 Be7 7. cxd5 exd5 8. dxc5 Bxc5 9. Nc3 0-0 10. a3 Be6 11. b4 Bb6 12. Bb2 a6 13. Rc1 Rc8 14. Na4 Ba7 15. Nc5 Qe7 16. Bxf6 Qxf6 17. Nxb7 Qe7 18. Nc5 a5 19. Nxe6 fxe6 20. b5 Nb8 21. Bh3 Nd7 22. Rxc8 Rxc8 23. Nd4 Nf8 24. Nc6 Qc5 25. a4 Bb6 26. Qc1 Qxc1 27. Rxc1 Re8 28. Ne5 Bd4 29. Nd3 Kf7 30. e3 Bf6 31. Kf1 Ke7 32. Ke2 Kd6 33. Rc6+ Kd7 34. Nc5+ Ke7 35. Bxe6 Nxe6 36. Rxe6+ Kf7 37. Rxe8 Kxe8 38. Kd3 Kf7 39. Nb7 Ke6 40. Nxa5 Kd7 41. Nc6 Kc7 42. a5 g6 43. a6 Kb6 44. a7 Kxb5 45. a8Q 1-0

[Event "GER-chT Christmas U16 Lasker"]
[Site "Playchess.com INT"]
[Date "2020.12.28"]
[Round "4.2"]
[White "Borgstaedt, Leif Jona"]
[Black "Rudolph, Eva"]
[Result "0-1"]
[WhiteElo "1376"]
[BlackElo "1860"]
[PlyCount "172"]
[EventDate "2020.12.28"]
[EventType "team-swiss (blitz)"]
[EventRounds "7"]
[EventCountry "GER"]
[SourceTitle "CBM 200 Extra"]
[Source "ChessBase"]
[SourceDate "2021.03.31"]
[SourceVersion "1"]
[SourceVersionDate "2021.03.31"]
[SourceQuality "1"]
[WhiteTeam "Bielefeld"]
[BlackTeam "Duesseldorf"]
[WhiteTeamCountry "GER"]
[BlackTeamCountry "GER"]

1. d4 d5 2. c4 e5 3. dxe5 d4 4. Nf3 Nc6 5. e3 Bb4+ 6. Bd2 dxe3 7. fxe3 Bf5 8. Nc3 Nge7 9. a3 Bxc3 10. Bxc3 0-0 11. Be2 Ng6 12. 0-0 Be4 13. Nd4 Ngxe5 14. Nf5 Re8 15. Rf4 Ng6 16. Rf1 Nge5 17. Rf4 Ng6 18. Rf2 Nce5 19. Bh5 Qg5 20. Bxg6 hxg6 21. Ng3 Bc6 22. Bxe5 Qxe5 23. e4 Rad8 24. Qf3 Rd7 25. Raf1 Qe6 26. b3 Bxe4 27. Nxe4 Qxe4 28. Qxe4 Rxe4 29. Rf3 f6 30. h3 Kf7 31. g4 Red4 32. g5 f5 33. Rc3 Rd3 34. Rf3 Rxc3 35. Rxc3 Rd1+ 36. Kg2 Ra1 37. a4 Rd1 38. Rf3 Re1 39. Kf2 Re4 40. Kg3 Ke6 41. Rd3 c5 42. Kf3 Rd4 43. Re3+ Kd7 44. Ke2 b6 45. Kf3 Kd6 46. Kg3 Re4 47. Rd3+ Rd4 48. Rc3 Ke5 49. Kf3 Rf4+ 50. Kg3 Re4 51. Kf3 f4 52. Kf2 Kf5 53. h4 Kg4 54. Kg2 Kxh4 55. Kf3 Re3+ 56. Rxe3 fxe3 57. Kxe3 Kxg5 58. Kf3 Kf5 59. Kg3 g5 60. Kf3 g4+ 61. Kg3 g5 62. Kf2 Kf4 63. Kg2 g3 64. Kg1 Kf3 65. Kf1 g4 66. Kg1 Ke3 67. Kg2 Kd3 68. Kxg3 Kc3 69. Kxg4 Kxb3 70. Kf3 Kxc4 71. Ke3 Kb4 72. Kd3 Kxa4 73. Kc4 a5 74. Kc3 b5 75. Kb2 Kb4 76. Ka2 c4 77. Kb2 c3+ 78. Kb1 Kb3 79. Ka1 a4 80. Kb1 Kc4 81. Kc2 b4 82. Kb1 Kd3 83. Ka2 c2 84. Kb2 Kd2 85. Ka2 b3+ 86. Kb2 c1Q# 0-1

[Event "GER-chT Christmas U16 Lasker"]
[Site "Playchess.com INT"]
[Date "2020.12.28"]
[Round "6.2"]
[White "Kort, Felix"]
[Black "Rudolph, Eva"]
[Result "0-1"]
[WhiteElo "1850"]
[BlackElo "1860"]
[PlyCount "41"]
[EventDate "2020.12.28"]
[EventType "team-swiss (blitz)"]
[EventRounds "7"]
[EventCountry "GER"]
[SourceTitle "CBM 200 Extra"]
[Source "ChessBase"]
[SourceDate "2021.03.31"]
[SourceVersion "1"]
[SourceVersionDate "2021.03.31"]
[SourceQuality "1"]
[WhiteTeam "Hamburger SK II"]
[BlackTeam "Duesseldorf"]
[WhiteTeamCountry "GER"]
[BlackTeamCountry "GER"]

1. d4 d5 2. c4 e5 3. dxe5 d4 4. Nf3 Nc6 5. Nbd2 Nge7 6. Nb3 Nf5 7. g4 Nh4 8. Nfxd4 Nxd4 9. Qxd4 Bb4+ 10. Bd2 Bxd2+ 11. Qxd2 Qxd2+ 12. Nxd2 Bxg4 13. Rg1 Be6 14. Rxg7 Ng6 15. e4 Kf8 16. Rxg6 hxg6 17. 0-0-0 Rxh2 18. f4 Rd8 19. b3 Rf2 20. f5 gxf5 21. exf5 0-1